000 00431nam a2200157Ia 4500
008 231011s2018 xx 000 0 und d
020 _a9788185099149
041 _aeng
082 _a621.75 CHO/ROY
100 _aChoudhary S K H , Roy N.
245 _aElements of workshop technology - Volume I Manufacturing Processes
250 _a16th
260 _aChandigarh
_bMedia Promoters
_c2018
300 _axvi, 648
365 _b280
999 _c879796
_d879796